Toutes les voies du 8ème arrondissement de Paris sur une carte - Statistiques

Statistiques générales
  • Ce quiz a été pris 39 fois
  • Le résultat moyen est 50 sur 250
Réponses sur la Carte
Les réponses sont colorées sur une échelle allant du rouge au vert en fonction du pourcentage des utilisateurs qui les ont devinées à leur premier essai. Vous pouvez retrouver ces pourcentages ci-dessous.
 
Statistiques - réponses
Nom de la voie % Correct
Arcades des Champs-Elysées
92%
Avenue des Champs-Elysées
92%
Cour de Rome
92%
Port des Champs-Elysées
92%
Rond-Point des Champs-Elysées Marcel Dassault
92%
Rue de Rome
92%
Place de la Madeleine
85%
Place des Ternes
85%
Boulevard de la Madeleine
77%
Galerie de la Madeleine
77%
Passage de la Madeleine
77%
Place de la Concorde
77%
Pont de la Concorde
77%
Rue de Monceau
77%
Avenue Marceau
69%
Place Charles de Gaulle / Place de l’Etoile
69%
Port de la Concorde
69%
Rue de Liège
69%
Rue Pierre le Grand
69%
Rue Saint Lazare
69%
Avenue Franklin D Roosevelt
62%
Avenue George V
62%
Boulevard Haussmann
62%
Cour du Havre
62%
Impasse d’Amsterdam
62%
Place de Clichy
62%
Place du Havre
62%
Pont Alexandre III
62%
Pont de l’Alma
62%
Rue d’Amsterdam
62%
Rue de Madrid
62%
Rue du Chevalier de Saint George / Rue Richepance
62%
Rue du Havre
62%
Avenue de Wagram
54%
Boulevard de Courcelles
54%
Boulevard des Batignolles
54%
Boulevard Malesherbes
54%
Place Clémenceau
54%
Place de l’Alma
54%
Place de l’Europe Simone Veil
54%
Place Saint Augustin
54%
Rue de Courcelles
54%
Rue de l’Elysée
54%
Rue de Lisbonne
54%
Rue de Londres
54%
Rue de Miromesnil
54%
Rue de Saint Pétersbourg
54%
Rue du Faubourg Saint Honoré
54%
Rue de Moscou
46%
Rue de Vienne
46%
Rue Saint Honoré
46%
Avenue de Friedland
38%
Avenue Hoche
38%
Avenue Matignon
38%
Passage Saint Philippe du Roule
38%
Pont des Invalides
38%
Rue de Naples
38%
Rue de Turin
38%
Rue Roy
38%
Rue Royale
38%
Rue Saint Philippe du Roule
38%
Villa Wagram Saint Honoré
38%
Avenue Montaigne
31%
Place Beauvau
31%
Place de Dublin
31%
Place François 1er
31%
Rue de Berne
31%
Rue de Constantinople
31%
Rue de Provence
31%
Rue de Stockholm
31%
Rue de Tilsitt
31%
Rue François 1er
31%
Avenue de Messine
23%
Avenue du Président Wilson
23%
Avenue Gabriel
23%
Avenue Pierre 1er de Serbie
23%
Avenue Winston Churchill
23%
Cours Albert 1er
23%
Passage Marignan
23%
Rue Balzac
23%
Rue Bayard
23%
Rue Boissy d’Anglas
23%
Rue de Bucarest
23%
Rue de Florence
23%
Rue de Marignan
23%
Rue de Messine
23%
Rue de Presbourg
23%
Rue du Rocher
23%
Rue La Boétie
23%
Avenue Vélasquez
15%
Cours la Reine
15%
Rue d’Anjou
15%
Rue d’Artois
15%
Rue de Copenhague
15%
Rue d’Édimbourg
15%
Rue du Colisée
15%
Rue Marbeuf
15%
Rue Pasquier
15%
Rue Pierre Charron
15%
Rue Tronchet
15%
Rue Washington
15%
Square du Roule
15%
Voie Georges Pompidou
15%
Allée de la Comtesse de Ségur
8%
Allée Louis de Funès
8%
Allée Marcel Proust
8%
Avenue Bertie Albrecht
8%
Avenue César Caire
8%
Avenue de Marigny
8%
Esplanade de Samarcande
8%
Impasse d’Antin
8%
Place de la Reine Astrid
8%
Place du Canada
8%
Place du Pérou
8%
Place Gérard Oury
8%
Place Paul Emile Victor
8%
Rue Andrieux
8%
Rue Beaujon
8%
Rue Clapeyron
8%
Rue d’Argenson
8%
Rue de Bassano
8%
Rue de la Bienfaisance
8%
Rue de la Néva
8%
Rue de la pépinière
8%
Rue de l’Arcade
8%
Rue de la Ville l’Evêque
8%
Rue de Ponthieu
8%
Rue de Sèze
8%
Rue des Mathurins
8%
Rue de Téhéran
8%
Rue du Cirque
8%
Rue du Général Foy
8%
Rue Galilée
8%
Rue Intérieure
8%
Rue Quentin Bauchart
8%
Rue Rembrandt
8%
Rue Robert Estienne
8%
Rue Saint Florentin
8%
Rue Vignon
8%
Square Beaujon
8%
Allée du Commandant Massoud
0%
Allée du commandant Rivière
0%
Allée France Gall
0%
Allée Jacques Garnerin
0%
Allée Michel Berger
0%
Avenue Beaucour
0%
Avenue Charles Girault
0%
Avenue Delcassé
0%
Avenue de Selves
0%
Avenue de Valois
0%
Avenue du Général Eisenhower
0%
Avenue Dutuit
0%
Avenue Edward Tuck
0%
Avenue Ferdousi
0%
Avenue Myron Herrick
0%
Avenue Percier
0%
Avenue Ruysdaël
0%
Avenue Van Dyck
0%
Cité Berryer
0%
Cité du Retiro
0%
Cité Odiot
0%
Cours Paul Ricard
0%
Esplanade d’Arménie
0%
Impasse Bourdin
0%
Impasse du Docteur Jacques Bertillon
0%
Impasse Fortin
0%
Impasse Ruffin
0%
Passage du Souvenir
0%
Passage Puteaux
0%
Place Chassaigne Goyon
0%
Place de Beyrouth
0%
Place de la République de l’Equateur
0%
Place de la République Dominicaine
0%
Place de Narvik
0%
Place de Rio de Janeiro
0%
Place des Saussaies
0%
Place du Général Brocard
0%
Place du Guatemala
0%
Place du Révérend Père Carré
0%
Place Gabriel Péri
0%
Place Georges Guillaumin
0%
Place Henri Bergson
0%
Place Jean Pierre Lévy
0%
Place Maurice Couve de Murville
0%
Place Prosper-Goubaux
0%
Place Slavik
0%
Place Théodore Chassériau
0%
Port de la Conférence
0%
Promenade Aristides de Sousa Mendes
0%
Promenade Cécile Chaminade
0%
Promenade Jacques Hébertot
0%
Rue Alfred de Vigny
0%
Rue Arsène Houssaye
0%
Rue Bernoulli
0%
Rue Berryer
0%
Rue Cambacérès
0%
Rue Chambiges
0%
Rue Chateaubriand
0%
Rue Chauveau Lagarde
0%
Rue Clément Marot
0%
Rue Corvetto
0%
Rue Cristophe Colomb
0%
Rue d'Aguesseau
0%
Rue Daru
0%
Rue d’Astor
0%
Rue de Berri
0%
Rue de Castellane
0%
Rue de Cérisoles
0%
Rue de Duras
0%
Rue de La Baume
0%
Rue de Laborde
0%
Rue de la Renaissance
0%
Rue de La Trémoille
0%
Rue de l'Isly
0%
Rue de Penthièvre
0%
Rue de Rigny
0%
Rue des Saussaies
0%
Rue de Surène
0%
Rue de Vézelay
0%
Rue du Boccador
0%
Rue du Docteur Lancereaux
0%
Rue Duphot
0%
Rue Euler
0%
Rue Frédéric Bastiat
0%
Rue Greffulhe
0%
Rue Jean Goujon
0%
Rue Jean Mermoz
0%
Rue Joseph Sansboeuf
0%
Rue Lamennais
0%
Rue Larribe
0%
Rue Laure Diebold
0%
Rue Lavoisier
0%
Rue Lincoln
0%
Rue Lord Byron
0%
Rue Louis Murat
0%
Rue Magellan
0%
Rue Maleville
0%
Rue Mollien
0%
Rue Montalivet
0%
Rue Murillo
0%
Rue Paul Baudry
0%
Rue Paul Cézanne
0%
Rue Pelouze
0%
Rue Portalis
0%
Rue Rabelais
0%
Rue Roquépine
0%
Rue Treilhard
0%
Rue Tronson du Coudray
0%
Rue Vernet
0%
Villa Nouvelle
0%
Aucun quiz correspondant
Distribution des résultats
% des personnes avec chaque résultat
Percentile par nombre de réponses
Votre historique - résultats
Vous n’avez pas pris ce quiz